Diálogo con Carl Sagan /

Conversación entre T. Turner y C. Sagan sobre los perjuicios del desarrollo tecnológico en el futuro del planeta. Peligros de los armamentos nucleares, contaminación, concientización. Beneficios de la exploración del espacio.

Guardado en:
Autor Principal: Sagan, Carl.
Formato: Deslizar
Series:Cosmos
Materias:
Etiquetas: Agregar Etiqueta
Sin Etiquetas, Sea el primero en etiquetar este registro!
LEADER 01037ngm a22002775g 4500
001 CEM.cems022304
008 130507b1997##################0###0#####d
005 20241028162419.0
245 1 0 |a Diálogo con Carl Sagan /  |c Carl Sagan. 
300 |a 29'. 
490 0 |a Cosmos 
500 |a En soporte VHS, consultar en ventanilla. 
520 |a Conversación entre T. Turner y C. Sagan sobre los perjuicios del desarrollo tecnológico en el futuro del planeta. Peligros de los armamentos nucleares, contaminación, concientización. Beneficios de la exploración del espacio. 
538 |a Soporte: VHS - Norma: Pal N - Color: Si - Grabación DRD 1997 - Hitachi=1560 
100 1 |a Sagan, Carl. 
082 5 2 |/ SAG-3 
653 |a FISICA 
653 |a ASTRONOMIA 
653 |a COSMOS 
653 |a PLANETA TIERRA 
653 |a PLANETA 
653 |a ARMAMENTO NUCLEAR 
653 |a EXPLORACION ESPACIAL 
653 |a NIVEL PRIMARIO 
653 |a NIVEL SECUNDARIO 
859 |a CEMS  |b BIB. CEMS - Depto. Recursos Didacticos  |h 520  |i SAG-3  |k DRD  |p 947.12  |t Ej.1